| 000 | 00000cas 2200000zi 4500 |
| 001 | 9.909661 |
| 003 | CaOODSP |
| 005 | 20260106080045 |
| 006 | m o d f |
| 007 | cr ||||||||||| |
| 008 | 220331c20199999oncar p o f0###b0fre|d |
| 020 | |z9780660328966|z9780660358451|z9780660403939 |
| 022 | |a2816-3680 |
| 040 | |aCaOODSP|bfre|erda|cCaOODSP |
| 041 | |aeng|afre |
| 043 | |an-cnm--|an-cn-nf|an-cn-qu |
| 086 | 1 |aFs73-2-PDF|zFs73-2/2019-PDF|zFs73-2/2020-PDF|zFs73-2/2021-PDF|zFs73-2/2022-PDF |
| 222 | 0|aCanadian tide and current tables. Volume 2, Gulf of St. Lawrence |b(Online) |
| 245 | 00|aCanadian tide and current tables. |nVolume 2, |pGulf of St. Lawrence = |bTables des marées et courants du Canada. Volume 2, Golfe du Saint-Laurent |
| 246 | 11|aTables des marées et courants du Canada. |nVolume 2, |pGolfe du Saint-Laurent |
| 246 | 14|aTables des marées et des courants du Canada |
| 264 | 1|aOttawa, Ontario, Canada : |bCanadian Hydrographic Service, Fisheries and Oceans Canada = Service hydrographique du Canada, Pêches et océans Canada |
| 310 | |aAnnuel |
| 336 | |atexte|btxt|2rdacontent/fre |
| 337 | |ainformatique|bc|2rdamedia/fre |
| 338 | |aressource en ligne|bcr|2rdacarrier/fre |
| 362 | 1 |aParaît depuis 2019. |
| 546 | |aTexte en anglais et en français. |
| 588 | |aDescription d'après : 2019. |
| 588 | |aDernière livraison consultée : 2022. |
| 650 | 6|aMarées|zSaint-Laurent, Golfe du|vTables|vPériodiques. |
| 650 | 6|aCourants de marée|zSaint-Laurent, Golfe du|vTables|vPériodiques. |
| 655 | 7|aTables (Données)|2rvmgf |
| 655 | 7|aPériodiques|2rvmgf |
| 710 | 2 |aService hydrographique du Canada, |eorganisme de publication. |
| 791 | |tCanadian tide and current tables. |eeng|w(CaOODSP)9.909657 |